Movies Quiz

Random Movies or Oscar Quiz

2000-2014 Oscar Grab Bag Quiz Stats

 Plays Quiz not verified by Sporcle

Score 0/119 Timer 15:00
0 Plays Today
Award Winner % Correct
Best PictureGladiator
94%
Best Visual EffectsGladiator
94%
Best Picture12 Years A Slave
93.6%
Best PictureThe Artist
93.5%
Best PictureThe Hurt Locker
93.4%
Best PictureBirdman or (The Unexpected Virtue of Ignorance)
93.3%
Best PictureThe Lord of the Rings: The Return of the King
93.2%
Best Visual EffectsThe Lord of the Rings: The Return of the King
93.2%
Best PictureArgo
92.7%
Best PictureThe King's Speech
92.3%
Best ActorRussell Crowe - Gladiator
92.3%
Best ActressMeryl Streep - The Iron Lady
91.6%
Best PictureNo Country for Old Men
91.5%
Best ActorDaniel Day-Lewis - Lincoln
91.2%
Best PictureThe Departed
91.1%
Best ActressCate Blanchett - Blue Jasmine
90.8%
Best PictureChicago
90.7%
Best PictureSlumdog Millionaire
90.7%
Best Animated FeatureToy Story 3
90.5%
Best PictureCrash
90.2%
Best PictureMillion Dollar Baby
89.6%
Best PictureA Beautiful Mind
89.4%
Best ActorColin Firth - The King's Speech
89.4%
Best ActressJennifer Lawrence - Silver Linings Playbook
89%
Best Animated FeatureUp
88.6%
Best ActorEddie Redmayne - The Theory of Everything
88.6%
Best DirectorMartin Scorsese - The Departed
88.2%
Best DirectorClint Eastwood - Million Dollar Baby
88%
Best Animated FeatureFrozen
87.9%
Best ActorDaniel Day-Lewis - There Will Be Blood
87.8%
Best DirectorPeter Jackson - LOTR:ROTK
87.6%
Best DirectorAng Lee - Life of Pi
87.2%
Best Supporting ActorJared Leto - Dallas Buyers Club
86.7%
Best DirectorKathryn Bigelow - The Hurt Locker
85.9%
Best ActressJulianne Moore - Still Alice
85.7%
Best ActorSean Penn - Mystic River
85.7%
Best ActorSean Penn - Milk
85.7%
Best ActressHilary Swank - Million Dollar Baby
85.7%
Best ActorJean Dujardin - The Artist
85.4%
Best ActressSandra Bullock - The Blind Side
84.9%
Award Winner % Correct
Best ActressHalle Berry - Monster's Ball
84.2%
Best Animated FeatureFinding Nemo
84%
Best Supporting ActorChristoph Waltz - Django Unchained
83.9%
Best Visual EffectsThe Lord of the Rings: The Two Towers
83.4%
Best ActorMatthew McConaughey - Dallas Buyers Club
83.2%
Best Animated FeatureBrave
83.2%
Best ActorDenzel Washington - Training Day
83%
Best Supporting ActorJ.K. Simmons - Whiplash
82.9%
Best Visual EffectsThe Lord of the Rings: The Fellowship of the Ring
82.8%
Best DirectorJoel & Ethan Coen - No Country for Old Men
82.6%
Best Animated FeatureThe Incredibles
82.6%
Best Supporting ActressCatherine Zeta-Jones - Chicago
82.6%
Best ActressKate Winslet - The Reader
82.2%
Best Supporting ActressLupita Nyong'o - 12 Years a Slave
82.1%
Best Supporting ActressPatricia Arquette - Boyhood
81.9%
Best Animated FeatureWall-E
81.7%
Best DirectorRon Howard - A Beautiful Mind
81.5%
Best Animated FeatureShrek
81.5%
Best Supporting ActorMorgan Freeman - Million Dollar Baby
81.5%
Best ActressJulia Roberts - Erin Brockovich
81.3%
Best Supporting ActorHeath Ledger - The Dark Knight
81.3%
Best DirectorDanny Boyle - Slumdog Millionaire
81.1%
Best ActorPhilip Seymour Hoffman - Capote
80.7%
Best Supporting ActorChristian Bale - The Fighter
80.5%
Best ActressNicole Kidman - The Hours
80.1%
Best Supporting ActorJavier Bardem - No Country for Old Men
80.1%
Best ActorAdrien Brody - The Pianist
79.9%
Best ActressNatalie Portman - Black Swan
79.9%
Best DirectorAng Lee - Brokeback Mountain
79.7%
Best ActorJeff Bridges - Crazy Heart
79.7%
Best Supporting ActorChristopher Plummer - Beginners
79.5%
Best ActressHelen Mirren - The Queen
79.3%
Best Supporting ActorGeorge Clooney - Syriana
79.3%
Best DirectorAlejandro González Iñárritu - Birdman
78.1%
Best Supporting ActressAnne Hathaway - Les Misérables
78%
Best Supporting ActressRenée Zellweger - Cold Mountain
77.6%
Best Animated FeatureRatatouille
77.2%
Best ActorJamie Foxx - Ray!
77%
Best DirectorAlfonso Cuarón - Gravity
76.9%
Best ActorForest Whitaker - The Last King of Scotland
76.3%
Award Winner % Correct
Best Supporting ActressJennifer Connelly - A Beautiful Mind
76.3%
Best Visual EffectsGravity
75.7%
Best Supporting ActressOctavia Spencer - The Help
75.2%
Best DirectorTom Hooper - The King's Speech
75.1%
Best Supporting ActressMelissa Leo - The Fighter
75.1%
Best ActressCharlize Theron - Monster
74.5%
Best ActressMarion Cotillard - La Vie en Rose
74.5%
Best Supporting ActorChristoph Waltz - Inglourious Basterds
74.5%
Best Visual EffectsAvatar
74.1%
Best Supporting ActressCate Blanchett - The Aviator
73.7%
Best ActressReese Witherspoon - Walk the Line
72.6%
Best Supporting ActressMo'Nique - Previous: Based on the novel Push by Sapphire
72.6%
Best Animated FeatureBig Hero 6
72.4%
Best Animated FeatureRango
72.2%
Best Supporting ActressPenélope Cruz - Vicky Cristina Barcelona
72%
Best DirectorSteven Soderbergh - Traffic
71.4%
Best DirectorRoman Polanski - The Pianist
71.2%
Best DirectorMichel Hazanavicius - The Artist
71.2%
Best Visual EffectsLife of Pi
70%
Best Supporting ActressJennifer Hudson - Dreamgirls
67.8%
Best Supporting ActorTim Robbins - Mystic River
67.6%
Best Supporting ActorAlan Arkin - Little Miss Sunshine
67.2%
Best Visual EffectsInterstellar
66.7%
Best Supporting ActorBenicio del Toro - Traffic
66.6%
Best Supporting ActressTilda Swinton - Michael Clayton
66.6%
Best Supporting ActressMarcia Gay Harden - Pollock
66.2%
Best Animated FeatureSpirited Away
65.4%
Best Supporting ActorChris Cooper - Adaptation
63.9%
Best Visual EffectsHugo
63.1%
Best Supporting ActorJim Broadbent - Iris
62.7%
Best Supporting ActressRachel Weisz - The Constant Gardener
62.2%
Best Animated FeatureHappy Feet
59.1%
Best Visual EffectsInception
57.1%
Best Animated FeatureWallace and Gromit: The Curse of the Were Rabbit
56.4%
Best Visual EffectsSpider-Man 2
52.3%
Best Visual EffectsPirates of the Caribbean: Dead Man's Chest
47.7%
Best Visual EffectsKing Kong
43.6%
Best Visual EffectsThe Curious Case of Benjamin Button
42.9%
Best Visual EffectsThe Golden Compass
39.8%

You're not logged in!

Compare scores with friends on all Sporcle quizzes.
OR
Log In

Show Comments

Extras

Top Quizzes Today


Score Distribution

Your Account Isn't Verified!

In order to create a playlist on Sporcle, you need to verify the email address you used during registration. Go to your Sporcle Settings to finish the process.

Report this User

Report this user for behavior that violates our Community Guidelines.

Details: